00515 2200205 4500001002100000005001500021035002000036007000300056008004100059020000600100082001400106084002000120100001900140245004100159250001000200260002800210300004100238600001900279990001100298INLIS00000000000172620220413095745 a0010-0422001300ta220413 b h ind  a- a899.221 3 a899.221 3 FAJ s0 aFajar Sulaiman1 aSabar Paling Dalam /cFajar Sulaiman acet.1 aJakarta :b[s.n],c2021 a191 hlm. :bilus. ;c13,5x19,5 cme- 4aFajar Sulaiman a221349